BUBT Library Online Catalog

Signals and systems. (Record no. 727)

000 -LEADER
fixed length control field 00811nam a22002777a 4500
003 - CONTROL NUMBER IDENTIFIER
control field BUBTL
008 - FIXED-LENGTH DATA ELEMENTS--GENERAL INFORMATION
fixed length control field 131027b xxu||||| |||| 00| 0 eng d
020 ## - INTERNATIONAL STANDARD BOOK NUMBER
International Standard Book Number 81-203-1246-5
024 ## - OTHER STANDARD IDENTIFIER
Terms of availability Available
037 ## - SOURCE OF ACQUISITION
Terms of availability Available
040 ## - CATALOGING SOURCE
Original cataloging agency MBSTU LIBRARY
Modifying agency MBSTU LIBRARY
082 ## - DEWEY DECIMAL CLASSIFICATION NUMBER
Edition number 22
Classification number 621.38481OPS
100 ## - MAIN ENTRY--PERSONAL NAME
Personal name Oppenheim, Alan V.
245 ## - TITLE STATEMENT
Title Signals and systems.
250 ## - EDITION STATEMENT
Edition statement 2nd
260 ## - PUBLICATION, DISTRIBUTION, ETC. (IMPRINT)
Place of publication, distribution, etc. New Delhi
Name of publisher, distributor, etc. Prentice Hall of India.
Date of publication, distribution, etc. 2000
300 ## - PHYSICAL DESCRIPTION
Extent 24 cm.
Other physical details xxx, 957 page.
Type of unit 1
Size of unit 24 cm.
600 ## - SUBJECT ADDED ENTRY--PERSONAL NAME
Source of heading or term Radar engineering signal.
650 ## - SUBJECT ADDED ENTRY--TOPICAL TERM
Source of heading or term Radar engineering signal.
700 ## - ADDED ENTRY--PERSONAL NAME
Personal name Oppenheim, Alan V.
856 ## - ELECTRONIC LOCATION AND ACCESS
Password 0
Logon 0
Link text Download
270 ## - ADDRESS
Address New Delhi
City New Delhi
Country India
365 ## - TRADE PRICE
Price amount 300.00
Unit of pricing 300.00
942 ## - ADDED ENTRY ELEMENTS (KOHA)
Source of classification or shelving scheme
Koha item type Books
Holdings
Withdrawn status Lost status Source of classification or shelving scheme Damaged status Not for loan Collection code Permanent location Current location Shelving location Date acquired Inventory number Total Checkouts Full call number Barcode Date last seen Copy number Price effective from Koha item type
        Not For Loan Non-fiction Bangladesh University of Business and Technology Library Bangladesh University of Business and Technology Library Electronic Engineering Stacks 02/24/2016 21855   621.38481OPS BUBTL-200321855 02/29/2016 C-1 02/29/2016 Books

More Information About Library

Library Hours

  • Open: 9.00 am. to 9.00 pm.
  • Only Sunday: 9.00 am. to 6.00 pm.
  • Closed: Holiday

Contact to the University

Bangladesh University of Business and Technology Library

  • Mirpurl-2, 1216.
  • Phone:
  • Fax:
  • E-Mail: admin.library@bubt.edu.bd

Contact to the Library

Contact Person:

Md. Abdul Hakim Shah
Joint Librarian
PABX No:  113
Cell No: 01816332931
E-mail: official: admin.library@bubt.edu.bd
Personal: hakim.shah@bubt.edu.bd


BUBT Library

Copyright © 2021